Größte badische Stadien - Statistiken

Allgemein
  • Dieses Quiz wurde 9 mal gespielt
  • Das Durchschnittsergebnis liegt bei 5 aus 15
Antwortstatistiken
Verein Kapazität Stadioname % Korrekt
SC Freiburg II 24,000 Dreisamstadion
100%
SV Waldhof Mannheim 25,000 Carl-Benz-Stadion
78%
SC Freiburg 34,700 Europa-Park-Stadion
78%
Karlsruher SC 34,300 Wildparkstadion
78%
TSG 1899 Hoffenheim 30,150 PreZero Arena
56%
SV Sandhausen 15,414 Hardtwaldstadion
44%
VfR Mannheim 8,000 Rhein-Neckar-Stadion
33%
SV Waldhof Mannheim II 15,200 Seppl-Herberger-Stadion
33%
SC Pfullendorf 10,000 GEBERIT-Arena
11%
FC 08 Villingen 12,000 MS-Technologie-Arena
11%
TSG Weinheim 10,000 Sepp-Herberger-Stadion
11%
FC Eppingen 10,000 HWH-Arena
0%
SG Heidelberg-Kirchheim 6,000 Stadion im Sportzentrum Süd
0%
VfB Bretten 8,000 VfB-Sportzentrum Bretten
0%
SC Lahr 6,000 Volksbank Stadion Lahr
0%
Keine übereinstimmenden Quizze gefunden
Verteilung der Resultate
Anzahl Personen mit jedem Resultat
Perzentil nach korrekt beantworteten Fragen
Ihre Resultats-Entwicklung
Sie haben dieses Quiz noch nicht gespielt